|
|
|
|
| LEADER |
01184nam a2200289 a 4500 |
| 001 |
11959384 |
| 008 |
120124s2001s2001 caua b 001 0 eng |
| 010 |
|
|
|a 00038006
|
| 020 |
|
|
|a 0767417526
|
| 040 |
|
|
|a DLC
|c DLC
|d DLC
|d BD-DhAAL
|
| 042 |
|
|
|a pcc
|
| 050 |
0 |
0 |
|a RA409
|b .K88 2001
|
| 082 |
0 |
0 |
|a 519.5/02461
|2 21
|
| 100 |
1 |
|
|a Kuzma, Jan W.
|
| 245 |
1 |
0 |
|a Basic statistics for the health sciences /
|c Jan W. Kuzma, Stephen E. Bohnenblust.
|
| 250 |
|
|
|a 4th ed.
|
| 260 |
|
|
|a Mountain View, CA :
|b Mayfield Pub. Co.,
|c c2001.
|
| 300 |
|
|
|a xvii, 364 p. :
|b ill. ;
|c 25 cm.
|
| 504 |
|
|
|a Includes bibliographical references (p. 349-352) and index.
|
| 541 |
|
|
|e 00024332
|
| 650 |
|
0 |
|a Medical statistics.
|
| 650 |
|
0 |
|a Statistics.
|
| 700 |
1 |
|
|a Bohnenblust, Stephen E.
|
| 852 |
1 |
|
|a James P Grant School of Public Health
|c General Shelf.
|
| 999 |
|
|
|c 11813
|d 11813
|
| 952 |
|
|
|0 0
|1 0
|2 ddc
|4 0
|6 519_502461000000000_KUZ
|7 0
|9 19278
|a JPGSPH
|b JPGSPH
|c GEN
|d 2012-01-25
|l 2
|o 519.502461 KUZ
|p 3060024332
|r 2012-02-16
|s 2012-02-16
|t 1
|w 2012-01-25
|y BK
|
| 952 |
|
|
|0 0
|1 0
|2 ddc
|4 0
|6 519_502461000000000_KUZ
|7 0
|9 19279
|a JPGSPH
|b JPGSPH
|c GEN
|d 2012-01-25
|l 0
|o 519.502461 KUZ
|p 3060024333
|r 2012-01-25
|t 2
|w 2012-01-25
|y BK
|